| 000 | 00799nam a2200217 a 4500 | ||
|---|---|---|---|
| 001 | 61529 | ||
| 003 | BD-RjUL | ||
| 005 | 20211209080956.0 | ||
| 008 | 170118b1985 nyu||||| |||| 001 0 eng d | ||
| 035 | _a(BD-RjUL)61653 | ||
| 040 |
_aBD-RjUL _beng _cBD-RjUL |
||
| 041 | _aeng | ||
| 082 |
_223 _a650.0285 _bSAB 1985 |
||
| 100 | 1 |
_aSalm, Walter _9183348 |
|
| 245 | 1 | 0 |
_aThe beginner's guide to small business computers : _bhow to get your business-type personal computer with WordStar up and running in 10 minutes without an engineering degree or night-school classes in computers / _cWalter Salm. |
| 260 |
_aNew York : _bVan Nostrand Reinhold, _c©1985. |
||
| 300 |
_axii, 223 p. : _bill. ; _c23 cm. |
||
| 500 | _aIncludes index | ||
| 650 |
_aBusiness _vComputer programs. _9183349 |
||
| 942 |
_2ddc _cBK |
||
| 999 |
_c61529 _d61529 |
||